Statistiques concernant Top 10 des pays avec les décès de Covid-19 - 26 avril

Cliquez ici pour prendre le quiz!

Statistiques générales

  • Ce quiz a été pris 58 fois
  • Le résultat moyen est 10 sur 13

Statistiques - réponses

pays% Correct
France
98%
Espagne
96%
Italie
96%
Etats-Unis
92%
Chine
91%
Allemagne
83%
Royaume-Uni
81%
Belgique
77%
Pays-Bas
68%
Suisse
62%
Iran
51%
Suède
42%
Irlande
40%

Distribution des résultats

Percentile par nombre de réponses

% des personnes avec chaque résultat

Votre développement - résultats

Vous n’avez pas pris ce quiz